000 00465nam a2200181Ia 4500
005 20240715095609.0
008 131103s9999 xx 000 0 und d
040 _aLoreto College
041 _aEnglish
082 _a821
_bAIT
100 _aAitken, David
245 _aAll together
_b a junior choral verse course
_cDavid Aitken
260 _aLondon
_bBlond Educational
_c1968
300 _a112p.
650 _aEnglish Poetry
850 _aLCBED
942 _cBK
999 _c29620
_d80099